Genshin Impact Elemental Skill Voicelines - Luna V - Statistics

General Stats
  • This quiz has been taken 323 times
    77 since last reset
  • The average score is 37 of 111
Answer Stats
Hint Answer % Correct
Go, go Baron Bunny! Amber
88%
Nice and spicy! Xiangling
87%
Cleanup sequence initiated. Ineffa
83%
Surprise baptism! Dahlia
82%
Cool it! Kaeya
78%
Say cheese! Charlotte
77%
Adsorption test. Sucrose
77%
Your Mora is mine! Dori
75%
You're in for a little shock. Lisa
70%
Jumpy Dumpty go! Klee
68%
Shower me with praise! Furina
63%
Rise with the sun. Mavuika
62%
Illusion shattered! Raiden Shogun
62%
Rain outlines your fate! Xingqiu
62%
Carving waves! Mualani
60%
Let's blow bubbles. Sigewinne
60%
Let's light it up! Bennett
57%
Committed to memory. Nahida
57%
Yuegui, you're up! Yaoyao
57%
Attaboy! Arataki itto
55%
Let me scry! Mona
53%
Steady as stone. Noelle
52%
Go get 'em, Aedon! Illuga
50%
Sweet dreams! Yumemizuki Mizuki
48%
Kerplunk! Aino
47%
On the rocks! Diona
47%
A dash of frosting. Escoffier
47%
By royal decree! Fischl
47%
Headbutt! Varesa
47%
Whirling snow. Kamisato Ayaka
45%
And...voila! Lyney
42%
A bitter pill to swallow. Baizhu
40%
Drop your weapons! Chevreuse
40%
Skyward! Xianyun
40%
Crumble! Zhongli
40%
Let's go, Tamoto! Chiori
38%
Let the show begin! Barbara
37%
Flow/Surge/Wane Columbina
37%
The wind rises! Wanderer
37%
Come into being! Albedo
33%
Be silent. Flins
33%
Silence! Neuvillette
33%
Flicker. Alhaitham
32%
Brace yourselves! Venti
32%
Pyrotechnics! Xinyan
32%
No touching! Ganyu
30%
Scanning! Kaveh
30%
The night is cold. Layla
30%
Step on up! Lynette
30%
Boring. Xiao
30%
A touch of frost! Chongyun
28%
Advance! Gorou
28%
Incinerate! Yanfei
28%
The fuse is lit! Yoimiya
28%
Let's fly. Chasca
27%
Speed of light! Keqing
27%
You poor, lost lamb... Lauma
27%
Not too far, now. Ororon
27%
Enshroud! Tighnari
27%
Scratch that! Kirara
25%
Transfixed. Arlecchino
23%
Devouring claw! Durin
23%
Frost is coming. Freminet
23%
Controlled breathing! Iansan
23%
Let 'er rip! Kachina
23%
Can't hide the truth. Nefer
23%
Emerge! Yae Miko
23%
Dare to mess with me? Faruzan
22%
Target acquired. Kinich
22%
Wheel of life. Qiqi
22%
Gotcha. Yelan
22%
And step! Yun Jin
22%
Wind strider! Kaedehara Kazuha
20%
Feelin' lucky? Navia
20%
Get back! Razor
20%
Judgement! Rosaria
20%
The truth hurts! Shikanoin Heizou
20%
Hah! Huh! (sorry they only do this) Diluc
18%
Go as one! Jean
18%
Gotta dash! Sayu
18%
Don't get too close! Thoma
18%
Beg for mercy. Eula
17%
Chi! Hu tao
17%
It's nothing. Ningguang
17%
Annihilated. Skirk
17%
Smite the dust. Zibai
17%
Back at ya! Beidou
15%
into the shadows! Clorinde
15%
Mind the wind! Ifa
15%
Smash-'n'-grab! Jahoda
15%
Be still. Kamisato Ayato
15%
You're mine! Tartaglia
15%
Go! Collei
13%
Reconstitute. Emilie
13%
Alley-oop! Gaming
13%
Providing cover fire. Mika
13%
Rest and rebuild! Sangonomiya Kokomi
13%
Transfiguration! Shenhe
13%
Bring it. Xilonen
13%
Do your worst! Candace
12%
Nowhere to run! Cyno
12%
Buckle up! Dehya
12%
Dissipate! Kuki Shinobu
12%
Way ahead of ya! Sethos
12%
Try to keep up! Varka
12%
Show no mercy. Citlali
10%
Quiver! Kujou Sara
10%
Closing in. Lan Yan
10%
With all my strength! Nilou
10%
Don't run away now. Wriothesley
10%
This'll pack a punch! Aloy
7%
No matching quizzes found
Score Distribution
Percent of People with Each Score
Percentile by Number Answered
Your Score History
You have not taken this quiz since the last reset